000 00398nam a22001697a 4500
003 MPLRDC
005 20220104114428.0
008 210129b ||||| |||| 00| 0 eng d
082 _a857.63 CKL v.28 c.3*
100 _a岑凯伦著
245 _a水晶
_c
250 _a初版
260 _a
_b环球图书杂志出版社
_c1990
300 _b
650 _a
942 _cBK
_o857.63 CKL v.28 c.3*
999 _c7397
_d7387